书目信息 |
| 题名: |
自动网络管理系统
|
|
| 作者: | 科默 著 | |
| 分册: | ||
| 出版信息: | 北京 机械工业出版社 2008.03 |
|
| 页数: | 342页 | |
| 开本: | 24cm | |
| 丛书名: | 经典原版书库 | |
| 单 册: | ||
| 中图分类: | TP393.07 | |
| 科图分类: | ||
| 主题词: | 计算机网络--ji suan ji wang luo--管理--英文 | |
| 电子资源: | ||
| ISBN: | 978-7-111-23515-6 | |
| 000 | 01155nam 2200301 450 | |
| 001 | 012008559323 | |
| 005 | 20080627095127.60 | |
| 010 | @a978-7-111-23515-6@dCNY48.00 | |
| 100 | @a20080626d2008 em y0chiy0120 ea | |
| 101 | 0 | @aeng |
| 102 | @aCN@b110000 | |
| 105 | @aa z 001yy | |
| 106 | @ar | |
| 200 | 1 | @a自动网络管理系统@Azi dong wang luo guan li xi tong@d= Automated network management systems@f(美) Douglas E.Comer著@F(mei)Douglas E.Comer zhu@zeng |
| 205 | @a英文版 | |
| 210 | @a北京@c机械工业出版社@d2008.03 | |
| 215 | @a342页@c图@d24cm | |
| 225 | 2 | @a经典原版书库@Ajing dian yuan ban shu ku |
| 314 | @a责任者Comer规范汉译姓 : 科默 | |
| 320 | @a有索引 | |
| 330 | @a网络互联的下一个时代将主要关注自动规划、配置、控制以及操作计算机网络和互联网。本书论述了自动化网络管理面临的挑战,评论了现有的管理工具和技术,并预见了自动化管理的未来。 | |
| 410 | 0 | @12001 @a经典原版书库 |
| 510 | 1 | @aAutomated network management systems@zeng |
| 606 | 0 | @a计算机网络@Aji suan ji wang luo@x管理@x英文 |
| 690 | @aTP393.07@v4 | |
| 701 | 1 | @a科默@Ake mo@g(Comer, D. E.)@4著 |
| 801 | 0 | @aCN@bQSSK@c20080627 |
| 905 | @b729343-44@dTP393.07@eK516@f2 | |
| 自动网络管理系统= Automated network management systems/(美) Douglas E.Comer著.-英文版.-北京:机械工业出版社,2008.03 |
| 342页:图;24cm.-(经典原版书库) |
| ISBN 978-7-111-23515-6:CNY48.00 |
| 网络互联的下一个时代将主要关注自动规划、配置、控制以及操作计算机网络和互联网。本书论述了自动化网络管理面临的挑战,评论了现有的管理工具和技术,并预见了自动化管理的未来。 |
| ● |
| 相关链接 |
|
|
|
正题名:自动网络管理系统
索取号:TP393.07/K516
 
预约/预借
| 序号 | 登录号 | 条形码 | 馆藏地/架位号 | 状态 | 备注 |
| 1 | 729343 | 207293436 | 自科库301/301自科库 120排2列6层/ [索取号:TP393.07/K516] | 在馆 | |
| 2 | 729344 | 207293445 | 自科库301/301自科库 120排2列6层/ [索取号:TP393.07/K516] | 在馆 |